000 00844cam a2200277 i 4500
001 1335561
003 Ke-BoTe
005 20220524160711.0
008 790130s1979 nyua b 001 0 eng
010 _a 79001204
020 _a0397543093
040 _aDLC
_cDLC
_dDLC
050 1 0 _aQR41.2
_b.B88 1979
082 0 0 _a616.01
100 1 _aBurton, Gwendolyn R. W.
_q(Gwendolyn R. Wilson)
_95223
245 1 0 _aMicrobiology for the health sciences /
_cGwendolyn R. Burton.
260 _aNew York :
_bLippincott,
_cc1979.
300 _axiii, 198 p. :
_bill. ;
_c23 cm.
500 _aIncludes index.
504 _aBibliography: p. 190-192.
650 0 _aMicrobiology.
_95195
650 0 _aMedical microbiology.
_95194
650 0 _aAllied health personnel.
_94746
906 _a7
_bcbc
_corignew
_d1
_eocip
_f19
_gy-gencatlg
942 _2lcc
_cBK
_n0
999 _c3157
_d3157